Capoluoghi di Provincia e Regioni - Quiz n°3 - Statistics

Statistiche generali
  • Questo quiz è stato fatto 75 volte
  • Il punteggio medio è 10 su 10
Statistiche sulle risposte
Hint Risposta % Corretto
Brindisi Puglia
100%
Parma Emilia-Romagna
98%
Latina Lazio
98%
Enna Sicilia
98%
Matera Basilicata
97%
Taranto Puglia
97%
Ferrara Emilia-Romagna
95%
Arezzo Toscana
95%
Viterbo Lazio
92%
Andria Puglia
83%
Nessun quiz corrispondente trovato
Distribuzione punteggi
Percentuale di utenti per punteggio
Percentile per numero di risposta
I tuoi punteggi nel tempo
Non hai fatto questo quiz